header

The Magic School Bus (Record no. 260679)

MARC details
000 -LEADER
fixed length control field 00234nam a22001097a 4500
020 ## - INTERNATIONAL STANDARD BOOK NUMBER
ISBN 0439429358
100 ## - MAIN ENTRY--AUTHOR NAME
Personal name Joanna Cole
245 ## - TITLE STATEMENT
Title The Magic School Bus
260 ## - PUBLICATION, DISTRIBUTION, ETC. (IMPRINT)
Place of publication New York
Name of publisher Scholastic
Year of publication 2003
300 ## - PHYSICAL DESCRIPTION
Number of Pages 87 pgs
942 ## - ADDED ENTRY ELEMENTS (KOHA)
Koha item type Long Loan Books
Holdings
Withdrawn status Lost status Collection code Home library Current library Shelving location Date acquired Accession Number Koha item type
    Fiction Rongo University Library Rongo University Library Children's Area 25/09/2023 CL20221810 Long Loan Books

© 2026 Rongo University
Contact us: librarian | system librarian | Rongo university